| 000 | 00795nam a2200241 a 4500 | ||
|---|---|---|---|
| 001 | 18831 | ||
| 003 | CO-ViMGA | ||
| 008 | 141112s2004 ck r 000 u spa d | ||
| 020 | _a8429174532 | ||
| 040 |
_aCO-ViMGA _bspa _cCO-ViMGA |
||
| 082 | 0 | 4 | _a574.192 S779 |
| 100 | 1 |
_aStryer, Luber _926873 |
|
| 245 | 1 | 0 | _aBioquímica |
| 260 |
_aBarcelona : _bEditorial Reverte; 2001 |
||
| 300 | _a2 V. | ||
| 505 | _aVol. 1 : Diseño molecular de la vida; Proteínas : conformación, dinámica y función Vol. 2 : Energía metabolica; Biosíntesis de los sillares de construccion; Genes : replicación y expresión | ||
| 590 | _aForma de adquisición : Premio Mincultura | ||
| 650 | 1 | 4 | _aBIOQUIMICA |
| 650 | 1 | 4 |
_aCELULAS _926874 |
| 650 | 1 | 4 | _aGENética |
| 650 | 1 | 4 |
_aPROTEINAS _92863 |
| 942 |
_2ddc _cBK |
||
| 999 |
_c28060 _d28060 |
||